| 000 | 01243nam a22003377a 4500 | ||
|---|---|---|---|
| 003 | CHAP | ||
| 005 | 20220329134133.0 | ||
| 008 | 971013s1972 cu r 00010 spa d | ||
| 010 | _a15981 | ||
| 011 | _a16953 | ||
| 035 | _a21035 | ||
| 040 | _cCHAP | ||
| 082 | 0 | 4 |
_a634.3 _bB5 |
| 110 | 2 |
_aBiblioteca Nacional José Martí. La Habana _912448 |
|
| 245 | 1 | _aBibliografía sobre cítricos | |
| 260 |
_aLa Habana : _bLa Biblioteca, _c1972 |
||
| 300 | _a73 h. | ||
| 490 |
_aBiblioteca Nacional José Martí. La Habana. Folleto de divulgación técnica científica _v; 36 |
||
| 590 |
_aBATCH-UPD _b10 _c20130110 _lUCH01 _h2232 |
||
| 590 |
_aBATCH-UPD _b10 _c20130410 _lUCH01 _h1527 |
||
| 590 |
_aBATCH-UPD _b10 _c20130914 _lUCH01 _h0958 |
||
| 590 |
_aCONVERSION _b10 _c20130109 _lUCH01 _h1310 |
||
| 650 | 1 | 4 |
_aCítricos _xBibliografía. _924406 |
| 830 | 0 |
_aBiblioteca Nacional José Martí. La Habana. Folleto de divulgación técnica científica _v; 36 _912449 |
|
| 901 | _aBK | ||
| 942 | _cLIBRO | ||
| 949 |
_a634.3 B5 _bBC _cC _d-49085 _eC _fc.2 _h280 _i21035 _si |
||
| 949 |
_a634.3 B5 _bBC _cC _d-49086 _eC _fc.3 _h281 _i21035 _si |
||
| 949 |
_a634.3 B5 _bBC _cC _d-49087 _eC _fc.4 _h49568 _i21035 _si |
||
| 949 |
_a634.3 B5 _bBC _cC _d33724002323579 _eC _h279 _i21035 _si |
||
| 999 |
_c15981 _d15981 |
||